000 01404nam0a2200337 4500
001 RU\NLR\bibl\1783268
005 20260407062859.0
010 _a978-5-7645-0371-4
_9500
021 _aRU
_b2011-39799
_92833
035 _a(nilc)RSL-KNO-004951408
035 _a(NLR Aleph) 001774008
090 _a1655709
_c1655709
100 _a20110531d2009 |||y0rusy50 ca
101 0 _arus
102 _aRU
105 _aa |||||||||
200 1 _aГосударственная система научно-технической информации (ГСНТИ)
_eучебно-методическое пособие
_f[сост.: д.п.н. Ю.Н. Дрешер, к.м.н. В.Л. Дрешер]
210 _aКазань
_cМедицина
_d2009
215 _a40 с.
_cил.
_d20
320 _aБиблиогр.: с. 37-39 (22 назв.)
606 1 _aИнформационные центры
_jУчебно-методические пособия
_yРоссийская Федерация
_92482505
_3RU\NLR\auth\661473564
686 _aЧ234(2)8я77-14
_2rubbk
686 _aЧ234(2)72я7
702 1 _4220
_8rus
_7ca
_aДрешер
_bЮ. Н.
_f1953-
_gЮлия Николаевна
_3RU\NLR\AUTH\7713119
_9122820
801 0 _aRU
_bRuMoRKP
_c20110531
_grcr
801 1 _aRU
_bРГБ
_c20110531
801 2 _aRU
_bNLR
_c20110627
_grcr
830 _aавт. по кн.
942 _cBOOK
980 _aNB